Porfirio Díaz : (Registro nro. 29657)
[ vista simple ]
| 000 -LEADER | |
|---|---|
| fixed length control field | 01007cam a2200289 i 4500 |
| 001 - CONTROL NUMBER | |
| control field | 29657 |
| 003 - CONTROL NUMBER IDENTIFIER | |
| control field | Mx-PuUPA |
| 005 - DATE AND TIME OF LATEST TRANSACTION | |
| control field | 20250312170045.0 |
| 008 - FIXED-LENGTH DATA ELEMENTS--GENERAL INFORMATION | |
| fixed length control field | 140415s1962 mx a gr 001 0 spa d |
| 040 ## - CATALOGING SOURCE | |
| Transcribing agency | Mx-PuUPA |
| Original cataloging agency | Mx-PuUPA |
| Language of cataloging | spa |
| Modifying agency | Mx-PuUPA |
| Description conventions | rda |
| 041 0# - LANGUAGE CODE | |
| Language code of text/sound track or separate title | spa |
| 043 ## - GEOGRAPHIC AREA CODE | |
| Geographic area code | n-mx--- |
| 100 1# - MAIN ENTRY--PERSONAL NAME | |
| Personal name | Aragón, Agustín, |
| Dates associated with a name | 1870-1954 |
| 9 (RLIN) | 16828 |
| Relator term | autor |
| 245 10 - TITLE STATEMENT | |
| Title | Porfirio Díaz : |
| Remainder of title | (estudio histórico-filosófico) / |
| Statement of responsibility, etc. | Agustín Aragón |
| 264 #1 - PRODUCTION, PUBLICATION, DISTRIBUTION, MANUFACTURE, AND COPYRIGHT NOTICE | |
| Place of production, publication, distribution, manufacture | México, D.F. : |
| Name of producer, publisher, distributor, manufacturer | Editora Intercontinental, |
| Date of production, publication, distribution, manufacture, or copyright notice | [1962?] |
| 300 ## - PHYSICAL DESCRIPTION | |
| Extent | 2 tomos (paginación varia) : |
| Other physical details | fotografías ; |
| Dimensions | 23 cm |
| 336 ## - CONTENT TYPE | |
| Fuente | rdacontent |
| Content type term | texto |
| Content type code | txt |
| 337 ## - MEDIA TYPE | |
| Source | rdamedia |
| Media type term | sin medio |
| Media type code | n |
| 338 ## - CARRIER TYPE | |
| Source | rdacarrier |
| Carrier type term | volumen |
| Carrier type code | nc |
| 600 14 - SUBJECT ADDED ENTRY--PERSONAL NAME | |
| Personal name | Díaz, Porfirio, |
| Titles and other words associated with a name | Presidente de México |
| Chronological subdivision | (1830-1915) |
| 650 #7 - SUBJECT ADDED ENTRY--TOPICAL TERM | |
| Source of heading or term | armarc |
| Topical term or geographic name entry element | Presidentes mexicanos |
| 650 #7 - SUBJECT ADDED ENTRY--TOPICAL TERM | |
| Source of heading or term | armarc |
| Topical term or geographic name entry element | Porfiriato |
| 651 #4 - SUBJECT ADDED ENTRY--GEOGRAPHIC NAME | |
| Geographic name | México |
| General subdivision | Historia |
| -- | Revolución |
| Chronological subdivision | 1910-1917 |
| 942 ## - ADDED ENTRY ELEMENTS (KOHA) | |
| Source of classification or shelving scheme | Dewey Decimal Classification |
| Koha item type | Libro |
| Classification part | 972.0814 |
| Item part | A65 |
| Withdrawn status | Lost status | Source of classification or shelving scheme | Damaged status | Not for loan | Collection code | Home library | Current library | Shelving location | Date acquired | Source of acquisition | Cost, normal purchase price | Serial Enumeration / chronology | Total Checkouts | Full call number | Barcode | Date last seen | Cost, replacement price | Price effective from | Koha item type |
|---|---|---|---|---|---|---|---|---|---|---|---|---|---|---|---|---|---|---|---|
| Dewey Decimal Classification | Consulta en sala | Especial | Biblioteca Karol Wojtyla | Biblioteca Karol Wojtyla | Sala "Colecciones Especiales" | 03/12/2013 | Donación | 0.00 | t.1 | 972.0814 A65 1962 | 62909 | 05/01/2026 | 0.00 | 03/12/2013 | Libro | ||||
| Dewey Decimal Classification | Consulta en sala | Especial | Biblioteca Karol Wojtyla | Biblioteca Karol Wojtyla | Sala "Colecciones Especiales" | 03/12/2013 | Donación | 0.00 | t.2 | 972.0814 A65 1962 | 62910 | 05/01/2026 | 0.00 | 03/12/2013 | Libro |